Statistics for Pictures That End in "Oon"

Click here to take the quiz!

General Stats

  • This quiz has been taken 217 times
  • The average score is 13 of 20

Answer Stats

Answer% Correct
Balloon
99%
Moon
98%
Raccoon
94%
Baboon
91%
Maroon
86%
Typhoon
74%
Cartoon
73%
Cocoon
71%
Platoon
70%
Saloon
70%
Cameroon
68%
Macaroon
68%
Harpoon
66%
Witherspoon
63%
Bassoon
57%
Lagoon
44%
Pontoon
44%
Loon
36%
Spittoon
32%
Doubloon
20%

Score Distribution

Percentile by Number Answered

Percent of People with Each Score

Your Score History

You have not taken this quiz